00325nam a2200097Ia 4500008004100000041000800041082001300049100001500062245011800077260003200195230627s9999 xx 000 0 und d amar a340bLUD aLudes, F J aCorpus Juris Secundum V - 51 A Complete Restatement Of The Entire American Law As Developed By All Reported Cases bAmerican Law Book Co.c1967